00523nam a2200193 a 4500001001300000003000900013005001700022008004100039020002600080082001500106100002200121245004000143260004300183300000900226500003500235505002400270650001300294700002200307nice12345678IN_TiNIC20260116013054.0050524s1997 lona grp 000 0 eng  a0415923 c909.3500a306.6bYOU aYoung, Lawrence A aRational Choice Theory and Religion aLondon bRoutledge Chapman Hall c1997 a187p aincludes index and biblioraphy2 aBibliography, Index aReligion1 aYoung, Lawrence A